[Event "Icelandic-ch 2021"]
[Site "Kopavogur"]
[Date "2021.04.28"]
[Round "7.4"]
[White "Thorfinnsson, Bjorn"]
[Black "Stefansson, Vignir Vatnar"]
[Result "0-1"]
[WhiteElo "2384"]
[BlackElo "2327"]
[Annotator "TA"]
[PlyCount "56"]
[EventDate "2021.04.22"]
[EventType "tourn"]
[EventCountry "ISL"]
[SourceTitle "playchess.com"]
[Source "ChessBase"]
[SourceQuality "1"]

{[%evp 9,56,23,15,12,22,0,7,0,-13,-6,6,0,7,8,19,16,27,2,6,6,15,0,0,0,0,0,0,0,0,-4,-6,-26,-18,-43,-49,-145,-144,-133,-105,-132,-126,-123,-131,-188,-178,-450,-441,-422,-410]} 1. d4 e6 2. c4 Nf6 3. Nf3 d5 4. e3 a6 5. b3 c5 6. cxd5 {D30: Queen's Gambit Declined: Systems without Nc3.} Nxd5 7. Be2 cxd4 8. Nxd4 {The position is equal.} Bb4+ 9. Bd2 Bc5 10. Nc3 Bxd4 11. exd4 {[#]} Ne7 $146 ({Predecessor:} 11... Nc6 12. Nxd5 Qxd5 13. Bf3 Qd6 14. Be3 {½-½ (14) Levin,F (2498)-Hoffmann,M (2468) Germany 2004}) 12. Be3 Bd7 13. f3 Bc6 14. Qd2 Nd5 15. Bf2 Nxc3 16. Qxc3 Bd5 17. O-O Nc6 18. Qc5 Qe7 19. Rab1 O-O 20. a3 Rfc8 21. Rfc1 Qd8 22. Bg3 {[#]} ({White should try} 22. Be3 $15) 22... Bxb3 $1 $17 {[%mdl 512]} 23. Bf2 ({Don't blunder} 23. Rxb3 $2 Nxd4 24. Rb2 Rxc5 $19) (23. Bd1 Bxd1) 23... Bd5 24. Qb6 Qxb6 25. Rxb6 Na5 26. Rc5 {[#]} (26. Rbb1 $17) 26... Nb3 $1 $19 27. Rxd5 $2 {[#]} (27. Rxc8+ Rxc8 28. h3) 27... Rc1+ $1 28. Be1 {aiming for Rd7.} ({Don't go for} 28. Bf1 $2 Nd2) 28... exd5 {Weighted Error Value: White=0.31/Black=0.03} 0-1

[Event "Icelandic-ch 2021"]
[Site "Kopavogur"]
[Date "2021.04.28"]
[Round "7.5"]
[White "Kjartansson, Gudmundur"]
[Black "Thorfinnsson, Bragi"]
[Result "1/2-1/2"]
[WhiteElo "2503"]
[BlackElo "2432"]
[Annotator "TA"]
[PlyCount "101"]
[EventDate "2021.04.22"]
[EventType "tourn"]
[EventCountry "ISL"]
[SourceTitle "playchess.com"]
[Source "ChessBase"]
[SourceQuality "1"]

{[%evp 13,101,0,18,0,26,15,21,-20,-21,-18,0,0,-6,-10,-29,-22,0,0,0,-50,-63,-79,-10,-9,17,18,61,51,81,70,79,74,53,55,106,112,93,95,107,100,93,95,356,353,361,368,346,345,320,245,228,219,413,371,311,308,298,295,392,107,120,102,110,8,8,-54,-54,-54,-54,-54,0,0,0,0,0,-47,-46,-47,-47,-47,0,0,0,0,0,0,0,0,0,0]} 1. Nf3 d5 2. g3 Nf6 3. Bg2 c6 4. O-O Bf5 5. c4 e6 6. cxd5 exd5 7. d3 Be7 8. Qb3 {A11: English Opening: 1...c6.} Qc8 9. Nc3 O-O {[#]} 10. e4 $146 ({Predecessor:} 10. Nd4 Bg6 11. Bf4 Na6 12. Rac1 Nc5 13. Qd1 a5 14. a3 Qd8 15. b4 Ne6 16. Nxe6 fxe6 {½-½ (58) Ding,L (2764)-Xu,Y (2527) Shenzhen 2016}) 10... dxe4 11. Nd4 exd3 {Threatens to win with ...Bg6.} 12. Nxf5 Qxf5 13. Qxb7 {[%mdl 64] Double Attack} Nbd7 14. Bf4 g5 15. Be3 Rab8 16. Qxa7 Rxb2 17. Bxc6 Ne5 18. Bg2 $11 Bb4 19. Nd1 Rc2 20. Qb7 Bd6 21. Bd4 Rb8 {[#]} 22. Ne3 $1 Qe6 23. Qa6 Re2 (23... Rcc8 $14) 24. a4 $16 Rb4 25. Bxe5 Bxe5 26. Qxd3 Bxa1 27. Qxe2 Rxa4 {[%mdl 8192]} (27... Bd4 $16) 28. Qb5 $1 $18 {[%csl LRa4,LRg5][%mdl 64] Double Attack} Ra6 29. Qxg5+ Kh8 30. Rd1 Ng8 31. Bd5 Qg6 32. Qf4 Rf6 $2 (32... Qf6 33. Qe4 (33. Bxf7 Qxf4 34. gxf4 Ne7 $18) 33... Rd6) 33. Qb8 Bc3 34. Qe8 Qh5 {With the idea ...Qe2.} 35. Qc8 Ba5 {If Black can now play ...Bb6 this consolidates a bit.} 36. Qc4 $2 (36. Ra1 $18 Qe2 37. Ng4) 36... Bb6 $16 {Strongly threatening ...Bxe3.} 37. Re1 Nh6 {[#]} 38. Qc3 (38. Qe2 $1 $16 {[%cal Re2h5]} Qxe2 39. Rxe2) 38... Kg7 $11 {aiming for ...Bxe3.} 39. Bg2 ({White should try} 39. Qd2 $11) 39... Ba5 $15 40. Qa1 {Hoping for Nd5.} Bxe1 41. Qxe1 Qe5 (41... Ng4 $15 42. Nxg4 Qxg4) 42. Qb1 $11 Qd4 43. Qc2 Rb6 44. h4 Rb2 45. Nf5+ Nxf5 46. Qxf5 $15 {KQR-KQB} h6 (46... Re2 {is more complex.} 47. Bd5 Re7 48. Qg5+ Kf8 49. Qh5 Qf6) 47. Bd5 {The position is equal.} Qf6 48. Qg4+ Qg6 49. Qd4+ Qf6 50. Qg4+ Qg6 51. Qd4+ {White really could win this.  Weighted Error Value: White=0.24/Black=0.31} 1/2-1/2

[Event "Icelandic-ch 2021"]
[Site "Kopavogur"]
[Date "2021.04.29"]
[Round "8.1"]
[White "Hjartarson, Johann"]
[Black "Thorfinnsson, Bragi"]
[Result "0-1"]
[WhiteElo "2523"]
[BlackElo "2432"]
[Annotator "ChessBase"]
[PlyCount "68"]
[EventDate "2021.04.22"]
[EventType "tourn"]
[EventCountry "ISL"]
[SourceTitle "playchess.com"]
[Source "ChessBase"]
[SourceQuality "1"]
[TimeControl "40/5400+30:1800+30"]

1. e4 {[%emt 0:00:21]} e5 {[%emt 0:00:00]} 2. Nf3 {[%emt 0:00:09]} Nc6 {[%emt 0:00:00]} 3. d4 {[%emt 0:00:28]} exd4 {[%emt 0:00:31]} 4. Nxd4 {[%emt 0:00:07]} Nf6 {[%emt 0:02:42]} 5. Nxc6 {[%emt 0:00:20]} bxc6 {[%emt 0:00:09]} 6. e5 {[%emt 0:00:05]} Qe7 {[%emt 0:00:24]} 7. Qe2 {[%emt 0:00:11]} Nd5 {[%emt 0:00:21]} 8. c4 {[%emt 0:00:15]} Nb6 {[%emt 0:01:41]} 9. Nc3 {[%emt 0:00:53]} Bb7 {[%emt 0:06:33]} 10. h4 {[%emt 0:01:16]} O-O-O {[%emt 0:02:39]} 11. Bg5 {[%emt 0:02:39]} f6 {[%emt 0:01:56]} 12. exf6 {[%emt 0:00:11]} gxf6 {[%emt 0:17:09]} 13. Bf4 {[%emt 0:06:55]} Qf7 {[%emt 0:03:31]} 14. O-O-O {[%emt 0:01:44]} Ba6 {[%emt 0:01:23]} 15. b3 {[%emt 0:03:32]} Ba3+ {[%emt 0:02:38]} 16. Kc2 {[%emt 0:22:38]} d5 {[%emt 0:00:37]} 17. Qg4+ {[%emt 0:00:43]} f5 {[%emt 0:01:58]} 18. Qf3 {[%emt 0:00:35]} dxc4 {[%emt 0:03:49]} 19. Rxd8+ {[%emt 0:06:23]} Rxd8 {[%emt 0:00:18]} 20. Qxc6 {[%emt 0:00:28]} Bd6 {[%emt 0:09:13]} 21. Bg5 {[%emt 0:02:26]} cxb3+ {[%emt 0:05:22]} 22. axb3 {[%emt 0:00:12]} Bb7 {[%emt 0:00:15]} 23. Qb5 {[%emt 0:00:30]} Re8 {[%emt 0:00:56]} 24. Qa5 {[%emt 0:04:15]} Re5 {[%emt 0:07:17]} 25. Qxa7 {[%emt 0:02:16]} f4 {[%emt 0:01:19]} 26. Ba6 {[%emt 0:03:07]} Bxa6 {[%emt 0:07:47]} 27. Qxa6+ {[%emt 0:00:22]} Kd7 {[%emt 0:00:28]} 28. Qd3 {[%emt 0:07:43]} Rc5 {[%emt 0:01:21]} 29. Kb2 {[%emt 0:04:20]} Nd5 {[%emt 0:04:29]} 30. Na4 {[%emt 0:06:13]} Ra5 {[%emt 0:09:30]} 31. Rc1 {[%emt 0:04:52]} Kc8 {[%emt 0:00:12]} 32. Kb1 {[%emt 0:07:55]} Nb4 {[%emt 0:01:40]} 33. Qh3+ {[%emt 0:04:18]} Kb8 {[%emt 0:00:10]} 34. Rc4 {[%emt 0:01:22]} Rxa4 {[%emt 0:00:47]} 0-1

[Event "Icelandic-ch 2021"]
[Site "Kopavogur"]
[Date "2021.04.29"]
[Round "8.2"]
[White "Stefansson, Vignir Vatnar"]
[Black "Kjartansson, Gudmundur"]
[Result "0-1"]
[WhiteElo "2327"]
[BlackElo "2503"]
[Annotator "TA"]
[PlyCount "112"]
[EventDate "2021.04.22"]
[EventType "tourn"]
[EventCountry "ISL"]
[SourceTitle "playchess.com"]
[Source "ChessBase"]
[SourceQuality "1"]

{[%evp 15,112,0,0,0,0,0,0,-26,0,-7,-5,-12,27,24,24,22,18,12,4,14,17,4,10,0,14,0,0,0,0,0,0,-25,-20,-117,-135,-133,-111,-127,-82,-99,-83,-174,-165,-192,-185,-218,-133,-136,-136,-145,-141,-239,-143,-139,-144,-144,-144,-147,-144,-144,-116,-144,-144,-134,-125,-148,-148,-148,-148,-141,-121,-130,-120,-124,-130,-215,-215,-215,-215,-215,-215,-215,-215,-215,-215,-215,-215,-215,-215,-215,-215,-215,-215,-215,-182,-7155,-6972,-6539,-6511]} 1. d4 Nf6 2. c4 e6 3. Nf3 d5 4. g3 dxc4 5. Qa4+ Nbd7 6. Bg2 a6 7. Qxc4 b5 8. Qc6 Ra7 9. O-O {has lost popularity (9.Qc2). E03: Open Catalan: 5 Qa4+ Nbd7 6 Qxc4.} Bb7 10. Qc2 c5 11. a4 {The position is equal.} Be4 12. Qd1 b4 13. Be3 {[#]} Qa8 $146 (13... cxd4 {keeps more tension.} 14. Bxd4 Rc7 15. Nbd2 Bc2 16. Qe1 Bc5) ({Predecessor:} 13... Rc7 14. Nbd2 Bd5 15. Re1 Qa8 16. Bf4 Rc8 17. e4 Nxe4 18. Nxe4 Bxe4 19. Rxe4 Qxe4 {0-1 (67) Zakhartsov,V (2507)-Bykov,E (2384) Moscow 2020}) 14. dxc5 Bxc5 15. Bxc5 Nxc5 16. Nbd2 {aiming for Rc1.} Bd5 17. Rc1 Rc7 18. Nc4 Qb8 19. Ne3 Ba8 20. Rc4 O-O 21. Qd4 Nb3 22. Qd3 Rxc4 23. Qxc4 Bxf3 24. Bxf3 (24. Qxb3 $11 Bxe2 25. Re1) 24... Nd2 $1 $17 {[%csl LRc4,LRf1][%mdl 64] Double Attack} 25. Qxa6 Nxf1 26. Kxf1 Rd8 27. Nc4 b3 28. Na5 (28. a5 $17 {might work better.}) 28... Rd2 $19 29. Nxb3 Rxb2 30. Nd4 e5 31. Nc6 Qe8 {Strongly threatening ...Rb1+.} 32. e3 h5 33. h3 (33. Qc4 $17 {is a better defense.}) 33... e4 ({Black should try} 33... Kh7 $19 34. Qc4 Qd7 35. Be4+ Nxe4 36. Qxe4+ g6) 34. Be2 $17 Qd7 35. Qc8+ Qxc8 36. Ne7+ Kf8 37. Nxc8 {[%mdl 4096] Endgame KRN-KBN} Nd5 {And now ...Nc3 would win.} 38. Bc4 Nb6 39. Nxb6 Rxb6 {KR-KB} 40. a5 Rb1+ 41. Kg2 Ra1 42. a6 Ra5 43. f3 Ra4 44. Be2 Ra2 45. Kf1 (45. Kf2 $17) 45... exf3 $19 46. Bxf3 Rxa6 47. Bxh5 {[#]} Rh6 $1 {[%cal Rh6h5]} 48. Bg4 {[#]} f5 $1 {[%cal Rf5g4]} 49. Bf3 Rxh3 50. Kg2 Rh6 51. e4 fxe4 52. Bxe4 Ke7 53. Kf3 Kf6 54. Kf4 Rh2 55. g4 $2 (55. Bb7) 55... Rf2+ 56. Bf3 Rf1 {Weighted Error Value: White=0.30/Black=0.12} 0-1

[Event "Icelandic-ch 2021"]
[Site "Kopavogur"]
[Date "2021.04.29"]
[Round "8.3"]
[White "Mai, Alexander Oliver"]
[Black "Thorfinnsson, Bjorn"]
[Result "0-1"]
[WhiteElo "2025"]
[BlackElo "2384"]
[Annotator "NA"]
[PlyCount "108"]
[EventDate "2021.04.22"]
[EventType "tourn"]
[EventCountry "ISL"]
[SourceTitle "playchess.com"]
[Source "ChessBase"]
[SourceQuality "1"]
[TimeControl "40/5400+30:1800+30"]

1. e4 {[%emt 0:00:00]} e5 {[%emt 0:00:00]} 2. Nf3 {[%emt 0:00:00]} Nc6 {[%emt 0:00:00]} 3. Nc3 {[%emt 0:00:00]} f5 {[%emt 0:02:00]} 4. d4 {[%emt 0:26:19]} fxe4 {[%emt 0:03:46]} 5. Nxe5 {[%emt 0:00:53]} Nf6 {[%emt 0:01:59]} 6. Bg5 {[%emt 0:03:19]} Bb4 {[%emt 0:00:41]} 7. Bc4 {[%emt 0:06:52]} d5 {[%emt 0:04:07]} 8. Bxf6 {[%emt 0:02:03]} Qxf6 {[%emt 0:00:10]} 9. Bxd5 {[%emt 0:00:43]} Nxe5 {[%emt 0:01:05]} 10. dxe5 {[%emt 0:00:12]} Qxe5 {[%emt 0:00:10]} 11. O-O {[%emt 0:02:53]} Bxc3 {[%emt 0:13:20]} 12. bxc3 {[%emt 0:00:26]} c6 {[%emt 0:02:13]} 13. Bxe4 {[%emt 0:05:10]} O-O {[%emt 0:09:44]} 14. Qd3 {[%emt 0:01:33]} Bf5 {[%emt 0:01:27]} 15. Rae1 {[%emt 0:03:23]} Rad8 {[%emt 0:15:36]} 16. Qc4+ {[%emt 0:04:06]} Qe6 {[%emt 0:00:14]} 17. Qxe6+ {[%emt 0:01:33]} Bxe6 {[%emt 0:00:14]} 18. Bxh7+ {[%emt 0:01:22]} Kxh7 {[%emt 0:00:05]} 19. Rxe6 {[%emt 0:00:04]} Rd2 {[%emt 0:00:05]} 20. Re7 {[%emt 0:02:37]} b5 {[%emt 0:01:33]} 21. Rxa7 {[%emt 0:03:53]} Rxc2 {[%emt 0:00:08]} 22. g3 {[%emt 0:08:03]} Rxc3 {[%emt 0:01:07]} 23. Re1 {[%emt 0:02:45]} Kh6 {[%emt 0:00:11]} 24. Re6+ {[%emt 0:06:09]} Rf6 {[%emt 0:00:06]} 25. Rxf6+ {[%emt 0:00:22]} gxf6 {[%emt 0:00:05]} 26. Ra6 {[%emt 0:11:21]} Kg6 {[%emt 0:00:23]} 27. Rb6 {[%emt 0:01:35]} Kf5 {[%emt 0:00:34]} 28. Kg2 {[%emt 0:01:09]} Rc2 {[%emt 0:01:08]} 29. h4 {[%emt 0:00:36]} Ke6 {[%emt 0:00:40]} 30. g4 {[%emt 0:00:44]} Kd5 {[%emt 0:00:29]} 31. Ra6 {[%emt 0:00:53]} Re2 {[%emt 0:00:22]} 32. Kg3 {[%emt 0:01:05]} c5 {[%emt 0:05:18]} 33. h5 {[%emt 0:03:08]} c4 {[%emt 0:00:13]} 34. Ra8 {[%emt 0:01:14]} Re1 {[%emt 0:04:54]} 35. Kg2 {[%emt 0:00:29]} Re7 {[%emt 0:00:20]} 36. Rc8 {[%emt 0:00:20]} Ra7 {[%emt 0:01:46]} 37. Kg3 {[%emt 0:00:43]} b4 {[%emt 0:00:28]} 38. Rd8+ {[%emt 0:00:30]} Kc5 {[%emt 0:00:51]} 39. Rd2 {[%emt 0:00:18]} c3 {[%emt 0:00:09]} 40. Re2 {[%emt 0:00:00]} Kd4 {[%emt 0:00:00]} 41. f4 {[%emt 0:27:21]} Kd3 {[%emt 0:06:17]} 42. Re1 {[%emt 0:00:24]} c2 {[%emt 0:05:51]} 43. g5 {[%emt 0:00:25]} fxg5 {[%emt 0:00:06]} 44. fxg5 {[%emt 0:00:05]} Rxa2 {[%emt 0:06:51]} 45. h6 {[%emt 0:04:59]} b3 {[%emt 0:00:26]} 46. h7 {[%emt 0:00:26]} Ra8 {[%emt 0:00:05]} 47. g6 {[%emt 0:00:33]} b2 {[%emt 0:00:06]} 48. g7 {[%emt 0:00:18]} c1=Q {[%emt 0:00:12]} 49. Rxc1 {[%emt 0:00:17]} bxc1=Q {[%emt 0:00:13]} 50. h8=Q {[%emt 0:00:25]} Qg1+ {[%emt 0:00:34]} 51. Kf3 {[%emt 0:01:00]} Qe3+ {[%emt 0:00:08]} 52. Kg4 {[%emt 0:00:18]} Qd4+ {[%emt 0:00:08]} 53. Kf5 {[%emt 0:00:16]} Rxh8 {[%emt 0:00:06]} 54. gxh8=Q {[%emt 0:00:05]} Qxh8 {[%emt 0:00:06]} 0-1

[Event "Icelandic-ch 2021"]
[Site "Kopavogur"]
[Date "2021.04.29"]
[Round "8.4"]
[White "Gretarsson, Helgi Ass"]
[Black "Gretarsson, Hjorvar Steinn"]
[Result "0-1"]
[WhiteElo "2437"]
[BlackElo "2588"]
[Annotator "TA"]
[PlyCount "80"]
[EventDate "2021.04.22"]
[EventType "tourn"]
[EventCountry "ISL"]
[SourceTitle "playchess.com"]
[Source "ChessBase"]
[SourceQuality "1"]

{[%evp 13,80,1,20,8,8,11,3,12,13,-22,-22,-43,-23,-28,-17,-34,-11,-32,-24,-26,-51,-51,-51,-56,-47,-55,-50,-50,0,0,0,0,0,-37,-39,-39,-41,-93,-91,-178,-158,-162,-171,-242,-203,-205,-193,-439,-408,-531,-239,-313,-5,-5,-8,-8,-8,-261,-261,-261,-246,-408,-406,-529,-529,-603,-603,-548,-463]} 1. d4 Nf6 2. c4 e6 3. Nc3 Bb4 4. e3 O-O 5. Bd2 b6 6. Nf3 Bb7 7. Bd3 d6 8. a3 {E21: Nimzo-Indian: 4 Nf3.} (8. O-O Nbd7 9. a3 Bxc3 10. Bxc3 c5 11. b3 Qe7 12. Nd2 d5 13. Qc2 e5 14. Rfe1 Rfe8 15. cxd5 cxd4 16. exd4 Rac8 17. Nc4 e4 18. Qd2 Bxd5 19. Bb4 {½-½ (88) Gretarsson,H (2401)-Gretarsson,H (2579) Reykjavik 2020}) 8... Bxc3 9. Bxc3 Ne4 10. Bxe4 {The position is equal.} Bxe4 11. d5 {Black must now prevent Qd4!} Nd7 12. O-O e5 {[#]} 13. Ne1 $146 ({Predecessor:} 13. Nd2 Bg6 14. Re1 Re8 15. e4 Nc5 16. Nf3 Nxe4 17. Bd2 Nxd2 18. Qxd2 h6 19. b4 Qf6 20. Qc3 a6 21. c5 b5 {0-1 (21) Damasio,F (755)-Hughes,C (657) LSS email 2008}) 13... a5 14. f3 Bf5 15. e4 Bg6 16. g4 h5 17. h3 Qh4 $1 {[%cal Rh4g3]} 18. Kg2 Nc5 $1 19. Qe2 hxg4 20. hxg4 f5 21. Rh1 Qg5 22. Bd2 $1 {[%cal Rd2g5]} f4 $36 {[%mdl 2048] aiming for ...Bxe4! Black fights for an advantage.} 23. Rh3 Nb3 24. Rd1 Kf7 {And now ...Rh8 would win.} 25. Kg1 ({White should try} 25. Nd3 $15) 25... Rh8 $17 26. Qh2 {[#]} (26. Qg2 $17 {was worth a try.}) 26... Rh6 $1 $19 27. Rxh6 gxh6 28. Ng2 (28. Kf1 $142) 28... h5 29. gxh5 Bxh5 ({Don't do} 29... Qxh5 30. Qxh5 Bxh5 31. Kf2 $17) 30. Qh3 (30. Bxf4 exf4 31. Qxf4+ Qf6 32. Kf2) 30... Nd4 31. Kf2 {Threatens to win with Nxf4!} Rg8 (31... Bxf3 $142 32. Bxf4 exf4 33. Rxd4 Bxg2 34. Qf5+ Qxf5 35. exf5 f3) 32. Nxf4 exf4 (32... Bxf3 $19 33. Ne6 Qg2+ 34. Qxg2 Rxg2+ 35. Kf1 Nxe6 36. dxe6+ Kxe6) 33. Bxf4 $11 {[#]} Qg2+ {[%mdl 64] Decoy} 34. Qxg2 Rxg2+ 35. Kxg2 $4 {[%mdl 8192] This move loses the game for White.} (35. Kf1 $11) 35... Bxf3+ $19 {[%mdl 64] Double Attack} 36. Kf2 Bxd1 37. e5 $2 (37. Ke3 {is a better defense.} Nf3 38. b4) 37... Nf5 38. b4 a4 {Black is clearly winning.} 39. exd6 cxd6 40. Bg5 Bb3 {Weighted Error Value: White=0.49/Black=0.37} 0-1

[Event "Icelandic-ch 2021"]
[Site "Kopavogur"]
[Date "2021.04.29"]
[Round "8.5"]
[White "Bjornsson, Sigurbjorn"]
[Black "Stefansson, Hannes"]
[Result "1-0"]
[WhiteElo "2327"]
[BlackElo "2532"]
[Annotator "ChessBase"]
[PlyCount "91"]
[EventDate "2021.04.22"]
[EventType "tourn"]
[EventCountry "ISL"]
[SourceTitle "playchess.com"]
[Source "ChessBase"]
[SourceQuality "1"]
[TimeControl "40/5400+30:1800+30"]

1. e4 {[%emt 0:00:00]} c5 {[%emt 0:00:00]} 2. Nf3 {[%emt 0:00:18]} d6 {[%emt 0:00:00]} 3. d4 {[%emt 0:00:16]} cxd4 {[%emt 0:00:04]} 4. Nxd4 {[%emt 0:00:03]} Nf6 {[%emt 0:00:11]} 5. Nc3 {[%emt 0:00:05]} Nc6 {[%emt 0:00:13]} 6. Bg5 {[%emt 0:00:17]} e6 {[%emt 0:00:28]} 7. Qd2 {[%emt 0:00:04]} a6 {[%emt 0:00:44]} 8. O-O-O {[%emt 0:00:10]} Bd7 {[%emt 0:00:27]} 9. f3 {[%emt 0:00:49]} Be7 {[%emt 0:00:46]} 10. Kb1 {[%emt 0:00:14]} Qc7 {[%emt 0:01:38]} 11. h4 {[%emt 0:00:25]} h6 {[%emt 0:02:00]} 12. Be3 {[%emt 0:00:07]} h5 {[%emt 0:00:41]} 13. Bg5 {[%emt 0:00:09]} Ne5 {[%emt 0:04:03]} 14. Bd3 {[%emt 0:03:46]} b5 {[%emt 0:03:38]} 15. Rhe1 {[%emt 0:01:55]} b4 {[%emt 0:06:02]} 16. Nce2 {[%emt 0:00:12]} a5 {[%emt 0:02:27]} 17. f4 {[%emt 0:04:51]} Neg4 {[%emt 0:03:19]} 18. Ng3 {[%emt 0:10:29]} Qc5 {[%emt 0:06:14]} 19. e5 {[%emt 0:20:29]} Nd5 {[%emt 0:21:23]} 20. Bxe7 {[%emt 0:01:54]} Kxe7 {[%emt 0:00:24]} 21. Nb3 {[%emt 0:06:43]} Qf2 {[%emt 0:04:27]} 22. exd6+ {[%emt 0:00:24]} Ke8 {[%emt 0:05:12]} 23. Be4 {[%emt 0:02:59]} Qxg3 {[%emt 0:02:50]} 24. Bxd5 {[%emt 0:00:10]} Rc8 {[%emt 0:06:07]} 25. f5 {[%emt 0:13:01]} Qxd6 {[%emt 0:02:31]} 26. fxe6 {[%emt 0:02:21]} fxe6 {[%emt 0:00:08]} 27. Bxe6 {[%emt 0:01:48]} Qxd2 {[%emt 0:00:08]} 28. Bxd7+ {[%emt 0:00:06]} Kxd7 {[%emt 0:00:05]} 29. Rxd2+ {[%emt 0:00:04]} Kc7 {[%emt 0:00:25]} 30. Nxa5 {[%emt 0:00:51]} Rhe8 {[%emt 0:00:37]} 31. Rde2 {[%emt 0:07:42]} Rxe2 {[%emt 0:00:50]} 32. Rxe2 {[%emt 0:00:02]} Rf8 {[%emt 0:00:30]} 33. a3 {[%emt 0:01:24]} bxa3 {[%emt 0:00:39]} 34. b3 {[%emt 0:00:41]} Kb6 {[%emt 0:14:01]} 35. Nc4+ {[%emt 0:00:56]} Kc5 {[%emt 0:00:04]} 36. Nxa3 {[%emt 0:01:12]} Kd4 {[%emt 0:01:11]} 37. Nb5+ {[%emt 0:09:42]} Kc5 {[%emt 0:00:13]} 38. Nc7 {[%emt 0:00:30]} Rf1+ {[%emt 0:04:22]} 39. Kb2 {[%emt 0:01:08]} g6 {[%emt 0:01:42]} 40. Ne6+ {[%emt 0:00:00]} Kd6 {[%emt 0:00:00]} 41. Ng5 {[%emt 0:01:31]} Ne5 {[%emt 0:01:17]} 42. Ne4+ {[%emt 0:03:31]} Kd5 {[%emt 0:00:09]} 43. Nd2 {[%emt 0:02:59]} Rh1 {[%emt 0:00:17]} 44. c4+ {[%emt 0:00:44]} Kd6 {[%emt 0:01:23]} 45. Ne4+ {[%emt 0:01:45]} Kd7 {[%emt 0:00:51]} 46. Ng3 {[%emt 0:01:10]} 1-0

[Event "Icelandic-ch 2021"]
[Site "Kopavogur"]
[Date "2021.04.30"]
[Round "9.1"]
[White "Stefansson, Hannes"]
[Black "Hjartarson, Johann"]
[Result "0-1"]
[WhiteElo "2532"]
[BlackElo "2523"]
[Annotator "TA"]
[PlyCount "96"]
[EventDate "2021.04.22"]
[EventType "tourn"]
[EventCountry "ISL"]
[SourceTitle "playchess.com"]
[Source "ChessBase"]
[SourceQuality "1"]

{[%evp 9,96,3,0,12,7,7,8,12,28,36,40,37,77,48,84,32,10,0,63,48,63,65,92,78,93,75,94,42,53,26,42,27,72,29,35,0,0,0,0,0,80,27,16,18,25,25,31,24,24,22,15,23,24,12,24,-14,-14,-24,-17,-13,-12,-39,0,0,0,-29,-10,-214,-221,-219,-216,-241,-108,-93,0,-529,-524,-573,-551,-1006,-772,-728,-52,-52,0,0,0,-4930,-6414]} 1. e4 c6 2. d4 d5 3. e5 c5 4. dxc5 e6 5. c3 Nc6 6. Nf3 {B12: Caro-Kann: Advance Variation.} Bxc5 7. b4 {[%cal Bb2b4,Bb4b5][%mdl 32]} Bb6 8. b5 {[#] The position is equal.} Nce7 $146 ({Predecessor:} 8... Na5 9. Bd3 Ne7 10. O-O Bd7 11. a4 Rc8 12. Ba3 Bc5 13. Bb2 Qc7 14. Nbd2 Ng6 {½-½ (32) Ristea,T (2389)-Schmalz,P (2309) ICCF email 2018}) 9. Bd3 Qc7 10. O-O Bd7 11. Re1 Nh6 12. h3 (12. Bxh6 $16 gxh6 13. Qd2) 12... O-O $14 13. a4 {[%cal Ba2a4,Ba4a5][%mdl 32]} f6 ({Black should play} 13... a6 $11) 14. exf6 Rxf6 15. Bg5 Rf7 16. a5 Bc5 17. Nbd2 $1 Raf8 18. Be3 (18. c4 $16) 18... Bxe3 19. Rxe3 Nhf5 20. Re1 Rf6 21. Ne5 Nh4 {Threatening ...Bxb5.} 22. Qh5 {[%csl Gd3][%cal Rh5h7]} Neg6 23. Nxg6 Nxg6 24. Nf3 {Threatens to win with Ng5.} Qc5 (24... Qxc3 $11 25. Bxg6 (25. Ng5 h6 $17) 25... hxg6) 25. Ng5 (25. c4 $16) 25... Qxf2+ $11 26. Kh1 {[%csl Gg5][%cal Rh5h7]} Qxg2+ $1 {[%mdl 64] Decoy} 27. Kxg2 {[%csl Gg5][%cal Rh5h7]} Nf4+ 28. Kg1 {[%csl Gd3,Gg5][%cal Rh5h7]} Nxh5 29. Nxh7 {[%mdl 64] Double Attack} Rc8 {aiming for ...Rf3.} 30. Nxf6+ gxf6 31. Bf1 e5 32. Re3 Nf4 33. Rb1 Rc5 34. Kf2 Kf7 35. Rb4 b6 36. axb6 axb6 37. Ke1 e4 38. Rg3 $2 (38. c4 $11 {and White stays safe.}) 38... Nh5 $1 $19 {[%cal Rh5g3][%mdl 1024] Black has strong compensation.} 39. Re3 f5 40. c4 d4 (40... f4 $1 $19 {[%cal Rf4e3] and Black stays clearly on top.} 41. Ra3 Ng3) 41. Ra3 $17 {[#]} f4 ({Black should try} 41... Bc8 $1 $17 42. Rba4 Ke7) 42. Ra6 $2 {[%mdl 8192]} (42. Ra7 $1 $11 {and White is okay.} Ke7 43. Rb7) 42... f3 $19 43. Rxb6 {Black must now prevent Rd6.} e3 44. Rd6 f2+ 45. Kd1 {[#]} Bxh3 $2 46. Bxh3 $15 {Hoping for Ra4.} Nf4 (46... Ng3 $1 $15 47. Rb2 Rh5 48. Rxd4 Rxh3 49. Rf4+ Ke6 50. Rbxf2 exf2 51. Rxf2 Ne4) 47. Bf1 $11 Rg5 48. Rd5 $2 {[%mdl 8192] [#]} d3 $1 {[%mdl 576] Promotion.  Weighted Error Value: White=0.59/Black=0.32} 0-1